The clash of civilizations? : the debate /

The clash of civilizations? The summoning. The dangers of decadence. The case for optimism. Civilization grafting. The modernizing imperative. Do civilizations hold? The West is the best.

Enregistré dans:
Détails bibliographiques
Format: Livre
Langue:English
Publié: New York : Foreign Affairs, 1996.
Sujets:
Tags: Ajouter un tag
Pas de tags, Soyez le premier à ajouter un tag!
Thư viện lưu trữ: Mạng thư viện Đại học Đà Nẵng
LEADER 01108cam a2200349 i 4500
001 000048577
003 8299
005 20030310090114.0
008 010315|1996 vm 000 eng
020 |a 0876091648 
040 |a IRC  |c IRC  |d IRC 
041 0 |a eng 
082 1 4 |a 327.1  |b Cl-C 
245 0 4 |a The clash of civilizations? :  |b the debate /  |c Samuel P. Huntington .. [et al.] 
260 |a New York :  |b Foreign Affairs,  |c 1996. 
300 |a 67 p. ;  |c 23cm. 
520 3 |a The clash of civilizations? The summoning. The dangers of decadence. The case for optimism. Civilization grafting. The modernizing imperative. Do civilizations hold? The West is the best. 
630 0 4 |a Politics. 
630 0 4 |a United States. 
650 0 4 |a International relations. 
650 0 4 |a World politics  |y 20th century. 
650 0 4 |a United States  |b Foreign relations  |y 20th century. 
OWN |a DUT 
999 |a From the UDN01 
TYP |a Monograph 
TYP |a Printed language 
980 |a Mạng thư viện Đại học Đà Nẵng